| 000 | 00359cam a2200145ua 4500 | ||
|---|---|---|---|
| 041 |
_aeng _h |
||
| 082 |
_a828.09 _bSCO/MA |
||
| 100 | _aScott, James R A . | ||
| 245 |
_aMaking of literature / _cR A James Scott. _hTextual Documents |
||
| 260 |
_aLondon : _bMercury Books , _c1963. |
||
| 300 | _a396 ; . | ||
| 504 | _a | ||
| 942 | _cBK | ||
| 999 |
_c12869 _d12869 |
||